Quizzes
Events
Quiz Creation
Community
Videos
Private Events
Remove Ads
Sign In
Join for FREE
Feedback
Dark Mode
Quiz Categories
Sports
Geography
Music
Movies
Television
Just For Fun
Miscellaneous
History
Literature
Language
Science
Gaming
Entertainment
Religion
Holiday
For Kids
Quiz Lab
Recent
Popular Today
Quiz Kudos Today
Editor Picks
Curator Picks
Quizzes by...
Day
Popularity
Type
Ratings
Length
Year
Community
Subscriptions
Recent Discussions
Orange Saloon
Badges
Playlists
Quests
Create
Leaderboards
Showdown
Live 5
Trivia Bingo
Activity
Puzzle Library
Sporcle Events
Private Events
Virtual Trivia
Globe League
Become a Host
Pub Owners
SporcleCon
Opinionation
Our Games
Videos
Blog
Mobile Apps
Partnerships
Remove Ads and Go Orange
Feedback
Geography
Country
Landmarks
City
State
Population
World
Capital
Continent
Flags
Europe
Africa
Asia
South America
North America
Oceania
Border
Canada
United Kingdom
Topography
United States
Geography
Country
Landmarks
City
State
Population
World
Capital
Continent
Flags
Europe
Africa
Asia
South America
North America
Oceania
Border
Canada
United Kingdom
Topography
United States
Random Quiz
Search Sporcle
×
Quiz Lab
Quiz Lab
Geography
Elements
Type in answers that appear in a list
Type in answers that appear in a list
Classic
Best Score? Go Orange.
Words that are made of element symbols 3 Stats
Can you name the Words that are made of element symbols 3?
By
switchfootgirl
7m
43 Questions
91 Plays
91 Plays
91 Plays
Comments
Comments
Give Quiz Kudos
Give Quiz Kudos
-
- Ratings
hide this ad
Forced Order
Answers have to be entered in order
Answers have to be entered in order
Random Order
Randomize order of answers
Randomize order of answers
Replay
Link that replays current quiz
Next Quiz
Link to next quiz in quiz playlist
You Got
0%
They Got
Avg Score
50%
Avg Friend Score
Upgrade to see
Score Distribution
Jump to the score distribution portion of the page
Score
0/43
Timer
07:00
0
Plays Today
Elements.
Words!!
% Correct
Fluorine,Radium,Nitrogen,Carbon,Hydrogen,Iodine,Selenium
Franchise
58.2%
Lithium,Boron,Erbium,Aluminum
Liberal
58.2%
Osmium,Carbon,Argon
Oscar
58.2%
Iridium,Oxygen,Nitrogen
Iron
57.1%
Aluminum,Lithium,Tellurium,Radium,Titanium,Oxygen,Nitrogen
Alliteration
57.1%
Cobalt,Uranium,Polonium,Nitrogen
Coupon
57.1%
Barium,Boron,Iodine,Einsteinium
Babies
57.1%
Oxygen,Arsenic,Iodine,Sulfur
Oasis
56%
Sodium,Titanium,Oxygen,Nitrogen,Aluminum
National
56%
Actinium,Rhenium
Acre
54.9%
Iron,Sulfur,Titanium,Vanadium,Aluminum
Festival
53.8%
Carbon,Argon,Nickel,Vanadium,Aluminum
Carnival
53.8%
Barium,Silicon,Cesium
Basics
53.8%
Chromium,Uranium,Iodine,Selenium
Cruise
52.7%
Cobalt,Oxygen,Potassium,Iodine,Einsteinium
Cookies
52.7%
Calcium,Rubidium,Oxygen,Nitrogen
Carbon
52.7%
Sulfur,Erbium,Vanadium,Iodine,Cerium
Service
52.7%
Boron,Oxygen,Niobium,Oxygen,Nitrogen
Bonbon
52.7%
Sulfur,Argon,Calcium,Samarium
Sarcasm
52.7%
Thorium,Erbium,Molybdenum,Sulfur,Tantalum,Titanium,Carbon
Thermostatic
51.6%
Gallium,Uranium,Germanium
Gauge
51.6%
Plutonium,Boron,Lithium,Carbon
Public
51.6%
Elements.
Words!!
% Correct
Oxygen,Vanadium,Uranium,Lanthanum,Titanium,Oxygen,Nitrogen
Ovulation
51.6%
Beryllium,Neon,Fluorine,Iodine,Carbon,Iodine,Aluminum
Beneficial
51.6%
Scandium,Oxygen,Rhenium
Score
50.5%
Bismuth,Nitrogen,Argon,Yttrium
Binary
50.5%
Sulfur,Oxygen,Sodium,Tantalum
Sonata
50.5%
Indium,Sulfur,Phosphorous,Iodine,Radium,Titanium,Oxygen,Nitrogen,Aluminum
Inspirational
49.5%
Rhenium,Carbon,Iodine,Phosphorous,Einsteinium
Recipes
49.5%
Francium,Einsteinium,Hydrogen
Fresh
49.5%
Iodine,Sulfur,Lanthanum,Nitrogen,Darmstadtium
Islands
49.5%
Carbon,Erbium,Vanadium,Iodine,Carbon,Aluminum
Cervical
48.4%
Bismuth,Neodymium,Erbium
Binder
48.4%
Lathanum,Sulfur,Silver,Sodium
Lasagna
45.1%
Polonium,Lithium,Titanium,Cesium
Politics
45.1%
Indium,Vanadium,Erbium,Silicon,Oxygen,Nitrogen
Inversion
45.1%
Selenium,Sulfur,Silicon,Oxygen,Nitrogen,Sulfur
Sessions
42.9%
Praseodymium,Indium,Carbon,Einsteinium,Sulfur
Princess
42.9%
Lanthanum,Roentgenium,Erbium
Larger
38.5%
Praseodymium,Oxygen,Meitnerium
Promt
38.5%
Argon,Molybdenum,Iodine,Rhenium
Armoire
38.5%
Chlorine,Arsenic,Samarium,Astatine,Einsteinium
Classmates
37.4%
Boron,Astanine,Thallium,Einsteinium
Battles
37.4%
Quiz Playlist
Details
Report
Send in Message
Add To Playlist
Classic:
Type in answers that appear in a list
Forced Order:
Answers have to be entered in order
Random Order:
Randomize order of answers
Last Updated: Feb 16, 2017
Quiz Scoreboard
CHALLENGE
Sign Up to Join the Scoreboard
Show All
Scores
Hide
Comments
May contain spoilers
Recently Published
College Basketball Coaching Resumes
by pancakes188
Sports
9m
Billboard Blitz: Fleetwood Mac
by CooCooCachoo
Music
15s
Presidents Visiting Landmarks
by Hejman
History
7m
More to Explore
Quiz From the Vault
Featured Blog Post
Where Did the Easter Bunny Come From?
hide this ad
You Might Also Like...
Tags
Elements Quiz
Symbol
Today's Top Quizzes in Geography
Browse Geography
hide this ad
Today's Top Quizzes in Elements
Browse Elements
Top Contributed Quizzes in Geography
1
Countries of the World - No Outlines Minefield
2
Top 25 Cities of France on a map
3
Any capital of a 'B' country per Continent
4
Any capital of a 'C' country per Continent
5
Closest Countries to UK A-Z
6
Any capital of a 'D' country per Continent
7
5-to-1: US Geography No Hints
8
Any capital of an 'E' country per Continent
9
Click the Alabama Counties! (Map)
10
One Thing in Common: United Kingdom
Explore More
Trending Topics
Kpop
Anime
Marvel
Disney
NBA
Crossword
Harry Potter
WWE
Song
Country
NFL
Puzzle
Pokémon
The Office
Soccer
hide this ad
More By:
switchfootgirl
Quiz
Plays
Rating
Category
Featured
Created
Pick the Songs on Nevermind
8,098
4.74
Music
May 11, 2012
Click In The Blank (Movies)
6,122
3.86
Movies
May 1, 2012
Top 50 Girl Baby Names 2005
4,946
3.79
Miscellaneous
Oct 14, 2009
Click In The Blank (Songs)
3,724
4.57
Music
May 1, 2012
Top 300 Songs Of All Time
1,552
5.00
Music
Jun 17, 2012
Go to Creator's Profile
Score Distribution
Quiz Creator Spotlight
switchfootgirl
Follow
Send a Message
Quizzes Created
-
Created Quiz Play Count
-
More By This Creator
Popular Quizzes Today
1
Find the US States - No Outlines Minefield
2
Find the Countries of Europe - No Outlines Minefield
3
The Countries of the World
4
Find the US States
5
Risky Map Clicking: Biggest States A-Z
6
US States
7
Popular People in 1961
8
Movies - When Are They Set?
More Geography Quizzes
World's Largest Militaries
Published
Trending Quizzes
Risky Map Clicking: Least Populous States A-Z
1-10 Letter G Words
1-10 Letter F Words
Risky Map Clicking: Next State Alphabetically
Risky Map Clicking: Biggest States A-Z
Recently Updated
Leaping Animals
pecheneg
Reality TV Shows (A-Z)
bhenderson79
Rickey Henderson's Hall of Fame Teammates
pecheneg
Champions League XIs: Arsenal
pecheneg
Quick Pick: Celebrities in WWE's Hall of Fame
aduchscher
A-Z Keypad Blitz II
pecheneg
Multiple Oscar Actors
pecheneg
Mystery Phrase Blitz: Oscar 'Best Actors'
pecheneg
F. Scott Fitzgerald Novels
LTH
Pick 3 Villains
ddd62291
Trending Topics
Marvel
Harry Potter
Disney
NBA
Kpop
Crossword
Anime
Pokémon
Soccer
Country
Song
NFL
Puzzle
WWE
The Office
Your Account Isn't Verified!
In order to create a playlist on Sporcle, you need to verify the email address you used during registration. Go to your
Sporcle Settings
to finish the process.
Report this User
Report this user for behavior that violates our
Community Guidelines
.
Details:
Send Report
Go to the Sporcle.com Mobile Site →
Comments